Statistics for Finding Nemo Franchise

Click here to take the quiz!

General Stats

  • This quiz has been taken 62 times
  • The average score is 4 of 10

Answer Stats

TypeYearNameInfo% Correct
Film2003Finding NemoDisney-Pixar
100%
Video Game2003Finding NemoTHQ
100%
Film2016Finding DoryDisney-Pixar
96%
Theme Park Attraction2006-PresentFinding Nemo - The MusicalDisney World
92%
Theme Park Attraction2004-PresentTurtle Talk with Crush(Various)
10%
Theme Park Attraction2007-PresentCrush's CoasterDisneyland Paris
8%
Theme Park Attraction2007-PresentFinding Nemo Submarine VoyageDisneyland
8%
Theme Park Attraction2007-PresentThe Seas with Nemo & FriendsDisney World
8%
Short Documentary2003Exploring the Reef with Jean-Michel CousteauDisney-Pixar
6%
Short Film2016Finding Dory: Marine Life InterviewsDisney-Pixar
4%

Score Distribution

Percentile by Number Answered

Percent of People with Each Score

Your Score History

You have not taken this quiz